Match the WWE wrestlers to their Tag Team/Faction - Statistics

General Stats
  • This quiz has been taken 57 times
  • The average score is 20 of 22
Answer Stats
Hint Answer % Correct
Cruz Del Toro, Dragon Lee, Joaquin Wilde, Rey Mysterio, Zelina Vega Lwo- Latino World Order
98%
Jacob Fatu, Solo Sikoa, Tama Tonga, Tonga Loa The Bloodline
98%
Carlito, Dominik Mysterio, Finn Balor, JD Mcdonagh, Liv Morgan The Judgement Day
96%
Brutus Creed, Chad Gable, Ivy Nile, Julius Creed American Made
94%
Randy Orton, Kevin Owens R-KO
94%
The Miz, R-Truth The Awesome Truth
94%
Montez Ford, Angelo Dawkins, B-Fab The Street Profits
94%
Erik, Ivar, Valhalla The Viking Raiders
94%
Bo Dallas/Uncle Howdy, Erick Rowan, Joe Gacy, Dexter Lumis, Nikki Cross The Wyatt Sicks
94%
Akira Tozawa, Maxxine Dupri, Otis Alpha Academy
92%
Austin Theory, Grayson Waller A-Town Down Under
92%
Asuka, Dakota Kai, Iyo Sky, Kairi Sane Damage CTRL
92%
Gunther, Ludwig Kaiser Imperium
92%
Rhea Ripley, Damian Priest The Terror Twins
92%
Johnny Gargano. Tommaso Ciampa #DIY
88%
Elton Prince, Kit Wilson Pretty Deadly
86%
Shayna Baszler, Zoey Stark, Sonya Deville The Pure Fusion Collective
82%
Alba Fyre, Isla Dawn The Unholy Union
82%
Akam, Rezar Authors of Pain
80%
Angel, Berto, Elektra Lopez, Santos Escobar Legado del Fantasma
76%
Akam, Karrion Kross, Paul Ellering, Rezar, Scarlett The Final Testament
76%
Pete Dunne, Tyler Bate New Catch Republic
75%
No matching quizzes found
Score Distribution
Percent of People with Each Score
Percentile by Number Answered
Your Score History
You have not taken this quiz